000
00301nam a22001457a 4500
008
221004b ||||| |||| 00| 0 eng d
020
_a
9586380076
041
_a
eng
080
_a
91
082
_a
91 ROU
100
_a
19.2
101
_a
GJEO
245
_a
COLOMBIA
_c
ROUILLARD P
942
_2
udc
_c
BK
999
_c
58337
_d
58337